000
00337nam a2200121Ia 4500
008
151015s9999 xx 000 0 und d
020
_a
996634084
250
_a
_Macmillan Secondary School Atlas
300
_a
Nairobi : Macmillan, 2005
500
_a
Includes index
650
_a
_Secondary Atlas
700
_a
^d20110511 01:48:11^okilerai
999
_c
1933
_d
1933